| 000 | 00936nas a2200277 4500 | ||
|---|---|---|---|
| 001 | BR2014002556 | ||
| 003 | BR-BrBNA | ||
| 005 | 20231205124120.0 | ||
| 007 | ta | ||
| 008 | 230509b bl.|||p| |||| 00| 00por d | ||
| 040 |
_aBR-BrBNA _bpor _cBiblioteca Nacional de Agricultura |
||
| 041 | _a(Pt) | ||
| 072 | _aQ70; P35 | ||
| 100 | 1 | _aLuchese, A.V. | |
| 100 | 1 | _aCosta, A.C.S. da | |
| 100 | 1 | _aSouza Júnior, I.G. | |
| 245 | 1 | _aLixiviação de íons após a aplicação de resíduos orgânicos de uma indústria farmoquímica | |
| 650 | _aRESÍDUO INDUSTRIAL | ||
| 650 | _aLODO RESIDUAL | ||
| 650 | _aCONTAMINAÇÃO | ||
| 650 | _aPOLUIÇÃO | ||
| 773 | 0 |
_tRevista Brasileira de Engenharia Agrícola e Ambiental (Brazil) _xISSN 1415-4366 _g(Mar-Apr 2008), V. 12(2) p. 189-199 _wBR2014002556 |
|
| 856 | 4 | 0 | _uhttp://www.scielo.br/pdf/rbeaa/v12n2/v12n02a12.pdf |
| 909 |
_a202311 _bLúcia _c55 _dLúcia Elande |
||
| 942 |
_2AGRIS _n0 _cANA |
||
| 999 |
_c237379 _d237379 |
||